Foreign tourists in the USA by countries of origin (2013) - Statistics

General Stats
  • This quiz has been taken 829 times
  • The average score is 16 of 20
Answer Stats
Amout of tourists Country of origin % Correct
14 340 000 Mexico
99%
1 810 000 China
98%
3 840 000 United Kingdom
98%
23 390 000 Canada
97%
1 510 000 France
97%
1 920 000 Germany
97%
3 730 000 Japan
96%
620 000 Spain
93%
2 060 000 Brazil
92%
840 000 Italy
92%
1 210 000 Australia
89%
860 000 India
85%
690 000 Argentina
82%
1 360 000 South Korea
78%
480 000 Sweden
73%
590 000 Netherlands
68%
750 000 Colombia
64%
470 000 Switzerland
51%
790 000 Venezuela
49%
390 000 Taiwan
40%
No matching quizzes found
Score Distribution
Percent of People with Each Score
Percentile by Number Answered
Your Score History
You have not taken this quiz